00633nam a22002057a 4500003000500000005001700005008004100022010000900063011000900072035000900081040000900090100002900099245012000128260003900248300000900287502006400296650002600360650002400386650001700410CHAP20220329133620.0971013s1992 r 00010 d a8593 a9565 a8800 cCHAP00aTello Sánchez, Daniel. aEstudio fenológico de la coma (Bumelia celastrina H.B.K.) en cuatro municipios del estado de Nuevo León en 1989 aMonterrey, N.L. :bEl autor,c1992 a62 h aTesis (Ing. Agr. Fitotecnista) -- UANL. Fac. de Agronomía14aArbustosxNuevo Leon.14aBumelia celastrina.14aFenología.